000 00328nam a2200133Ia 4500
008 191201s2005 xx 000 0 und d
100 _aGupta, J B
245 0 _aElectronic Devices and Circuts
250 _a2nd
260 _aN.Delhi
_bS K Kataria and Sons
_c2005
300 _a1209
650 _aB.Tech(ECE)
942 _2ddc
_cBK
_02
999 _c1371
_d1371